|
|
|
|
| LEADER |
02818nam a2200733 i 4500 |
| 001 |
nkc20162812281 |
| 003 |
CZ PrNK |
| 005 |
20190506122823.0 |
| 007 |
ta |
| 008 |
160711s2015 xr ah f 000 0 cze |
| 015 |
|
|
|a cnb002812281
|
| 020 |
|
|
|a 978-80-210-8059-1
|q (brožováno)
|
| 035 |
|
|
|a (OCoLC)975031106
|
| 040 |
|
|
|a ABA001
|b cze
|d BOA001
|e rda
|
| 072 |
|
7 |
|a 74
|x Kresba. Umělecká řemesla
|2 Konspekt
|9 21
|
| 080 |
|
|
|a 801.82
|2 MRF
|
| 080 |
|
|
|a 808.543
|2 MRF
|
| 080 |
|
|
|a 74/76.05
|2 MRF
|
| 080 |
|
|
|a 7.08:316.776.33/.34
|2 MRF
|
| 080 |
|
|
|a 7.01/.09
|2 MRF
|
| 080 |
|
|
|a 82.0
|2 MRF
|
| 080 |
|
|
|a 82:72/76
|2 MRF
|
| 080 |
|
|
|a 7.072/.073
|2 MRF
|
| 080 |
|
|
|a 82.07
|2 MRF
|
| 080 |
|
|
|a (048.8)
|2 MRF
|
| 100 |
1 |
|
|a Klimeš, Jan,
|d 1980-
|7 mzk2007417580
|4 aut
|
| 245 |
1 |
0 |
|a Hledání významu v umělecké narativní ilustraci /
|c Jan Klimeš
|
| 250 |
|
|
|a Vydání první
|
| 264 |
|
1 |
|a Brno :
|b Filozofická fakulta, Masarykova univerzita,
|c 2015
|
| 300 |
|
|
|a 279 stran :
|b ilustrace (některé barevné), faksimile ;
|c 23 cm
|
| 336 |
|
|
|a text
|b txt
|2 rdacontent
|
| 337 |
|
|
|a bez média
|b n
|2 rdamedia
|
| 338 |
|
|
|a svazek
|b nc
|2 rdacarrier
|
| 490 |
1 |
|
|a Spisy Filozofické fakulty Masarykovy univerzity =
|a Opera Facultatis philosophicae Universitatis Masarykianae,
|x 1211-3034 ;
|v 442
|
| 500 |
|
|
|a 150 výtisků
|
| 504 |
|
|
|a Obsahuje bibliografii a bibliografické odkazy
|
| 650 |
0 |
7 |
|a literární dílo
|7 ph122380
|2 czenas
|
| 650 |
0 |
7 |
|a vyprávění
|7 ph117276
|2 czenas
|
| 650 |
0 |
7 |
|a ilustrace
|7 ph114755
|2 czenas
|
| 650 |
0 |
7 |
|a intermedialita
|7 ph605421
|2 czenas
|
| 650 |
0 |
7 |
|a teorie umění
|7 ph126574
|2 czenas
|
| 650 |
0 |
7 |
|a literární teorie
|7 ph116427
|2 czenas
|
| 650 |
0 |
7 |
|a literatura a umění
|7 ph115156
|2 czenas
|
| 650 |
0 |
7 |
|a vnímání uměleckého díla
|7 ph162887
|2 czenas
|
| 650 |
0 |
7 |
|a vnímání literárního díla
|7 ph274709
|2 czenas
|
| 650 |
0 |
9 |
|a literary work
|2 eczenas
|
| 650 |
0 |
9 |
|a storytelling
|2 eczenas
|
| 650 |
0 |
9 |
|a illustration
|2 eczenas
|
| 650 |
0 |
9 |
|a intermediality
|2 eczenas
|
| 650 |
0 |
9 |
|a theory of art
|2 eczenas
|
| 650 |
0 |
9 |
|a literary theory
|2 eczenas
|
| 650 |
0 |
9 |
|a literature and art
|2 eczenas
|
| 650 |
0 |
9 |
|a perception of art
|2 eczenas
|
| 650 |
0 |
9 |
|a perception of literature
|2 eczenas
|
| 655 |
|
7 |
|a monografie
|7 fd132842
|2 czenas
|
| 655 |
|
9 |
|a monographs
|2 eczenas
|
| 810 |
2 |
|
|a Masarykova univerzita.
|b Filozofická fakulta.
|t Spisy
|0 s
|
| 856 |
4 |
1 |
|u https://digilib.phil.muni.cz/handle/11222.digilib/136424
|y Plný text (Masarykova univerzita Brno)
|4 N
|
| 910 |
2 |
|
|a BOA001
|b 2-1382.500
|
| 990 |
|
|
|a BK
|
| 995 |
|
|
|a 01
|
| 991 |
|
|
|b 201702
|c NOV
|
| 996 |
6 |
|
|b 2610697279
|c 2-1382.500
|l MZK
|r Sklad / do 1 hodiny
|n 1
|p p.v.
|w 001599573
|u 000010
|a 1
|e BOA001
|j MZK50
|s P
|
| 996 |
7 |
|
|b 2610697280
|c 2-1382.500
|l MZK
|r Sklad / do 1 hodiny
|n 6
|p p.v.
|w 001599573
|u 000020
|a 1
|e BOA001
|j MZK50
|s A
|